[Event "DRUZYNOWE MISTRZOSTWA POLSKI 2014 - SYGNITY EKSTRALIGA"]
[Site "Gorzow Wlkp, Wroclaw, Katowice"]
[Date "2014-00-00"]
[Round "9.25"]
[White "Kryvoruchko, Yuriy"]
[Black "Czarnota, Pawel"]
[Result "1-0"]
[WhiteTitle "GM"]
[BlackTitle "GM"]
[WhiteElo "2710"]
[BlackElo "2529"]

1. e4 c6 2. d4 d5 3. e5 Bf5 4. Nf3 e6 5. Be2 c5 6. Be3 Qb6 7. Nc3 Nc6 8. O-O Qxb2
9. Qe1 cxd4 10. Bxd4 Nxd4 11. Nxd4 Bb4 12. Ndb5 Ba5 13. Rb1 Qxc2 14. Rc1 Qb2 15.
Nd6+ Kf8 16. Nxf5 exf5 17. Na4 Bxe1 18. Nxb2 Bb4 19. Rc7 Rb8 20. Rb1 Ba5 21. Rc5
Bb6 22. Rxd5 Ne7 23. Rd7 h5 24. Nc4 Rh6 25. Nxb6 Rxb6 26. Rxb6 axb6 27. f4 Rc8
28. Bxh5 Ke8 29. Rxb7 Rc1+ 30. Kf2 Rc2+ 31. Kg3 g6 32. Bf3 Kf8 33. Ra7 Nc6 34.
Rc7 Nd4 35. Rxc2 Nxc2 36. Bd5 Nb4 37. Bb3 Ke7 38. Kf3 Na6 39. Ke3 Nc7 40. Bc4
Kf8 41. Kf3 Kg7 42. h3 f6 43. h4 Ne8 44. Ke4 1-0

[Event "DRUZYNOWE MISTRZOSTWA POLSKI 2014 - SYGNITY EKSTRALIGA"]
[Site "Gorzow Wlkp, Wroclaw, Katowice"]
[Date "2014-00-00"]
[Round "9.26"]
[White "Hera, Imre Jr."]
[Black "Krasenkow, Michal"]
[Result "1-0"]
[WhiteTitle "GM"]
[BlackTitle "GM"]
[WhiteElo "2576"]
[BlackElo "2631"]

1. e4 c5 2. Nf3 Nc6 3. d4 cxd4 4. Nxd4 Nf6 5. Nc3 e5 6. Ndb5 d6 7. Bg5 a6 8. Na3
b5 9. Nd5 Be7 10. Bxf6 Bxf6 11. c4 b4 12. Nc2 O-O 13. g3 Bg5 14. Bg2 Be6 15. O-O
Rb8 16. b3 a5 17. Qd3 Qd7 18. Rad1 Rfd8 19. f4 exf4 20. gxf4 Bh4 21. Nce3 Qa7
22. Kh1 Kh8 23. Qe2 Rg8 24. Qh5 Bd8 25. Rd3 g5 26. Nf5 Bxf5 27. exf5 f6 28. fxg5
Ne5 29. Rg3 fxg5 30. f6 Qf7 31. Rxg5 Qxh5 32. Rxh5 Rf8 33. Be4 Rf7 34. c5 Rb5
35. cxd6 Nd7 36. Rg1 Nf8 37. Ne7 1-0

[Event "DRUZYNOWE MISTRZOSTWA POLSKI 2014 - SYGNITY EKSTRALIGA"]
[Site "Gorzow Wlkp, Wroclaw, Katowice"]
[Date "2014-00-00"]
[Round "9.27"]
[White "Piorun, Kacper"]
[Black "Gajek, Radoslaw"]
[Result "1/2-1/2"]
[WhiteTitle "GM"]
[BlackTitle "FM"]
[WhiteElo "2532"]
[BlackElo "2346"]

1. e4 c5 2. Nf3 e6 3. d4 cxd4 4. Nxd4 a6 5. Bd3 g6 6. Nc3 Bg7 7. Nb3 Ne7 8. O-O
O-O 9. Qe2 b5 10. a3 Nbc6 11. Bf4 d6 12. Rad1 Ne5 13. Qd2 Bb7 14. Rfe1 Qb6 15.
Bf1 Rad8 16. Bg5 Rfe8 17. h3 Ba8 18. Nd4 Rc8 19. Be3 Qb7 20. Bg5 N7c6 21. Nxc6
Rxc6 22. Be3 b4 23. axb4 Qxb4 24. Bd4 Qxb2 25. Nb5 Qxc2 26. Qxc2 Rxc2 27. Nxd6
Rd8 28. Bb6 Rf8 29. Rc1 Rb2 30. Bc7 Ra2 31. Re2 Ra4 32. Rec2 g5 33. Bb6 Bxe4 34.
Nxe4 Rxe4 35. Bxa6 h5 36. Bc5 Rb8 37. Bf1 Rb3 38. Rd1 g4 39. hxg4 hxg4 40. Re2
Rxe2 41. Bxe2 Rb2 42. Kf1 f5 43. Bd4 Rc2 44. Ba7 f4 45. Bd4 f3 46. Bb5 Nc4 47.
Bxg7 Nd2+ 48. Kg1 Kxg7 49. gxf3 gxf3 50. Bd3 Rb2 51. Kh2 Kf6 52. Kg3 Ke5 53. Re1+
Kd4 54. Bg6 e5 55. Rd1 Ra2 56. Bf5 Kd5 57. Bg4 Ke4 58. Re1+ Kd4 59. Rd1 e4 60.
Kf4 Kd3 61. Re1 Ra8 62. Bf5 Rf8 63. Re3+ Kd4 64. Re1 Rh8 65. Rd1 Kd3 66. Bxe4+
Ke2 67. Rxd2+ 1/2-1/2

[Event "DRUZYNOWE MISTRZOSTWA POLSKI 2014 - SYGNITY EKSTRALIGA"]
[Site "Gorzow Wlkp, Wroclaw, Katowice"]
[Date "2014-00-00"]
[Round "9.28"]
[White "Kukula, Pawel"]
[Black "Kanarek, Marcel"]
[Result "0-1"]
[WhiteTitle "k+"]
[BlackTitle "IM"]
[WhiteElo "2266"]
[BlackElo "2479"]

1. d4 Nf6 2. c4 g6 3. Nc3 Bg7 4. e4 d6 5. Bd3 O-O 6. Nge2 a6 7. O-O c6 8. h3 b5
9. a3 Nbd7 10. f4 bxc4 11. Bxc4 d5 12. Bd3 dxe4 13. Nxe4 a5 14. f5 Ba6 15. fxg6
hxg6 16. Ng5 c5 17. Bxa6 Rxa6 18. dxc5 Nxc5 19. Be3 Ne6 20. Qxd8 Rxd8 21. Nc3
Rb8 22. Rab1 Nxg5 23. Bxg5 Rab6 24. Rbe1 Kf8 25. Bc1 e6 26. Rd1 Ke8 27. Rf4 Nh5
28. Rc4 Bxc3 29. bxc3 Rb1 30. Rcd4 e5 31. Rd5 f6 32. g4 Ng3 33. Kg2 Ne2 34. Be3
R1b2 35. R1d2 Nxc3 36. R5d3 Rxd2+ 37. Bxd2 Rb2 38. Rxc3 Rxd2+ 39. Kf3 Kd7 40.
h4 Kd6 41. Rb3 Kc5 42. a4 f5 43. gxf5 gxf5 44. Rb5+ Kd4 45. Rxa5 Rd3+ 46. Kg2
f4 47. Ra8 Ke3 48. h5 f3+ 49. Kg3 e4 50. h6 Rd6 51. Rh8 f2 52. Rf8 Rg6+ 0-1

[Event "DRUZYNOWE MISTRZOSTWA POLSKI 2014 - SYGNITY EKSTRALIGA"]
[Site "Gorzow Wlkp, Wroclaw, Katowice"]
[Date "2014-00-00"]
[Round "9.29"]
[White "Klim, Kamil"]
[Black "Krainski, Aleksander"]
[Result "1-0"]
[WhiteTitle "m"]
[BlackTitle "FM"]
[WhiteElo "2316"]
[BlackElo "2220"]

1. d4 d5 2. c4 e6 3. Nc3 Nf6 4. cxd5 exd5 5. Bg5 Be7 6. e3 O-O 7. Bd3 Be6 8. Nf3
Nbd7 9. O-O h6 10. Bh4 c5 11. Rc1 a6 12. Bb1 Re8 13. dxc5 Nxc5 14. Nd4 Rc8 15.
Nf5 Bxf5 16. Bxf5 Ne6 17. Qf3 Rc5 18. b4 Rc6 19. Bxf6 Bxf6 20. Nxd5 Ng5 21. Nxf6+
Qxf6 22. Qg4 Rxc1 23. Rxc1 g6 24. Bb1 h5 25. Qe2 Qd6 26. a3 Rd8 27. h4 Nh7 28.
Be4 Qe7 29. Qf3 Rd7 30. Qf4 Kg7 31. g3 Rd6 32. Bxb7 g5 33. hxg5 Nxg5 34. Bg2 1-0

[Event "DRUZYNOWE MISTRZOSTWA POLSKI 2014 - SYGNITY EKSTRALIGA"]
[Site "Gorzow Wlkp, Wroclaw, Katowice"]
[Date "2014-00-00"]
[Round "9.30"]
[White "Czarnota, Dorota"]
[Black "Wisniowska, Klaudia"]
[Result "1-0"]
[WhiteTitle "WIM"]
[BlackTitle "WFM"]
[WhiteElo "2208"]
[BlackElo "2198"]

1. d4 Nf6 2. c4 g6 3. Nc3 Bg7 4. e4 d6 5. f3 O-O 6. Be3 Nc6 7. Nge2 a6 8. Qd2 Na5
9. Ng3 b5 10. h4 h5 11. Bh6 Nxc4 12. Bxc4 bxc4 13. O-O-O d5 14. e5 Nh7 15. Nge2
f6 16. Rhg1 fxe5 17. dxe5 c6 18. Bxg7 Kxg7 19. g4 hxg4 20. fxg4 Rf3 21. Nd4 Rd3
22. Qf4 Rxd1+ 23. Nxd1 c5 24. Nf3 Qf8 25. Qe3 d4 26. Qe4 Rb8 27. h5 Rb6 28. Rf1
Bb7 29. Qe2 Qf4+ 30. Nd2 Qg5 31. Qxc4 e6 32. hxg6 Qxg6 33. Qa4 Rb5 34. Nf2 d3
35. Qf4 Rb4 36. Qe3 Rd4 37. Nh3 Bg2 38. Nf4 Qxg4 39. Rf2 Bd5 40. Nxd3 Qg1+ 41.
Kc2 Qg6 42. Rf1 Be4 43. Nxe4 Rxe4 44. Qxc5 Qg2+ 45. Rf2 Re2+ 46. Rxe2 Qxe2+ 47.
Kc3 Kh6 48. Qc8 Qg4 49. Qxa6 Ng5 50. Qc4 Ne4+ 51. Kb4 Qf5 52. Qc1+ Ng5 53. Qe3
Qf8+ 54. Kc4 Qa8 55. a3 Qa4+ 56. Kc3 Qc6+ 57. Nc5 Kh5 58. b4 Qh1 59. b5 Qa1+ 60.
Kb4 Qb1+ 61. Ka5 Qd1 62. a4 Qd8+ 63. b6 Qa8+ 64. Kb5 Qe8+ 65. Kb4 Qc6 66. a5 Kg6
67. b7 1-0